=LDR 00000nam 2200000 4500 =001 INLIS000000001052219 =005 20240807112259 =035 ##$$a 0010-0824000037 =245 1#$$a Keuangan Negara : $b Undang-Undang Republik Indonesia Nomor 17 Tahun 2003 tentang keuangan Negara /$c INDONESIA =100 #$$a INDONESIA =250 ##$$a cet.1 =300 ##$$a x, 273 hlm. ; $c 21 x 15 cm =260 ##$$a Jakarta :$b Eko Jaya,$c 2003 =082 ##$$a R.336.026 =084 ##$$a R.336.026 IND k =600 #4$$a KEUANGAN NEGARA - UNDANG-UNDANG DAN PERATURAN =008 240807################g##########0#ind## =990 ##$$a 1200603393 =990 ##$$a 40600021 =990 ##$$a 406000122 =990 ##$$a 40600021